|
|
|
|
| LEADER |
00819nam a2200277 4500 |
| 001 |
DLU170182677 |
| 005 |
##20171226 |
| 040 |
# |
# |
|a DLU
|b vie
|
| 041 |
# |
# |
|a vie
|
| 044 |
# |
# |
|a vn
|
| 100 |
# |
# |
|a Lê Dục Tú.
|
| 245 |
# |
# |
|a Ký về đề tài chiến tranh cách mạng sau 1975 /
|c Lê Dục Tú.
|
| 653 |
# |
# |
|a Đề tài chiến tranh cách mạng
|
| 653 |
# |
# |
|a Bộ đội
|
| 653 |
# |
# |
|a Nhân dân
|
| 653 |
# |
# |
|a Sau năm 1975
|
| 653 |
# |
# |
|a Thể ký
|
| 773 |
# |
# |
|t Tạp chí Lý luận, phê bình văn học, nghệ thuật
|g Số 12, 2013, tr. 13-20
|
| 920 |
# |
# |
|a Phòng Tạp chí --Trung tâm Thông tin - Thư viện Trường Đại học Đà Lạt
|
| 900 |
# |
# |
|a True
|
| 911 |
# |
# |
|a Lê Thị Hồng
|
| 925 |
# |
# |
|a G
|
| 926 |
# |
# |
|a A
|
| 927 |
# |
# |
|a BB
|
| 980 |
# |
# |
|a Thư viện Trường Đại học Đà Lạt
|